Estructuralismo y literatura
Salvato in:
| Autori principali: | , , , , , , , , , |
|---|---|
| Altri autori: | |
| Natura: | Libro |
| Lingua: | spagnolo |
| Pubblicazione: |
Buenos Aires
Nueva Visión
1970
|
| Serie: | El Pensamiento Estructuralista
|
| Soggetti: | |
| Tags: |
Aggiungi Tag
Nessun Tag, puoi essere il primo ad aggiungerne!!
|
MARC
| LEADER | 00000nam a2200000 a 4500 | ||
|---|---|---|---|
| 001 | UCR9715 | ||
| 003 | CL-VaPUC | ||
| 008 | 980613e19700000AG |||||||||||||||||spa|d | ||
| 082 | 0 | 4 | |a 149.94 |b BAR |2 21 |
| 100 | |a Barthes, Roland |e author |9 265510 | ||
| 700 | 0 | |a Dufrenne, Mikel |e author |9 412529 | |
| 700 | |a Genette, Gérard |e author |9 551377 | ||
| 700 | 0 | |a Gorny, Wojciech |e author |9 412531 | |
| 700 | 0 | |a Horalek, Karel |e author |9 412532 | |
| 700 | |a Jakobson, Roman |e author |9 322276 | ||
| 700 | 0 | |a Lotman, J. M |e author |9 412533 | |
| 700 | |a Moles, Abraham A. |e autor |9 449377 | ||
| 700 | 0 | |a Todorov, Tzvetan |e author |9 412535 | |
| 700 | 0 | |a Uspenski, Boris A |e author |9 412536 | |
| 700 | |a Lévi-Strauss, Claude |e author |9 265689 | ||
| 245 | 1 | 0 | |a Estructuralismo y literatura |
| 300 | |a 223 p | ||
| 942 | |c BK | ||
| 945 | |d 19980613 00:00:00 |a crobeson | ||
| 260 | |a Buenos Aires |b Nueva Visión |c 1970 | ||
| 650 | 7 | |a ESTRUCTURALISMO EN LA LITERATURA |2 CL-VaPUC |9 317689 | |
| 650 | 0 | |a Crítica e interpretación |9 255042 | |
| 583 | |a last modification |c 19980613 00:00:00 |k Rodrigo Vera | ||
| 490 | 0 | |a El Pensamiento Estructuralista | |
| 999 | |c 270892 |d 270890 | ||
| 952 | |0 0 |1 0 |4 0 |6 149_940000000000000_BAR_1970 |7 0 |8 A |9 305346 |a BIBENE |b BIBENE |d 2019-11-20 |i 141822K |o 149.94 BAR 1970 |p 141822K |r 2025-01-15 |w 2019-11-20 |y BK |k ICO | ||